01158naa a2200265 i 4500001000400000003000400004005001700008008003900025040000800064080001300072080001200085100012500097245010500222260001000327500002100337520015300358650002400511650001500535655003000550773016500580711008200745942001300827999001500840952003700855BPPBPK20180220150414.0151214s2004 pl f |100 0 pol cBPK a519.7/.8 a621.395 aBIEDRYCKI, Andrzej.d2002 - .bPolitechnika Koszalińska - Wydział Elektroniki i Informatyki,cKatedra Telekomunikacji aPodstawy symulacyjnej metody badania i oceny sieci DTM /cAndrzej Biedrycki, Przemysław Grochowski. c2004. aDane z autopsji. aW pracy omówiono podstawy sieci Dynamicznego Transferu Danych oraz symulacyjnej metody badania sieci przy pomocy programu Network Simulator ve. 2. aSieć komputerowa. 0aSymulacja. 0aMateriały konferencyjne. iW :tTrzecia Krajowa Konferencja Elektroniki : materiały konferencji. T. 1/2. -dKoszalin : Wydaw. Uczelniane Politechniki Koszalińskiej, 2004. -gs. 357-362 aKrajowa Konferencja Elektronikin(3 ;d2004 ;cKołobrzeg, Polska).pKKE'2004 cART2UKD c3689d3689 00104070aBPKbBPKo72243yART